PROBILITY AND STSTISTICS FPR ENG (Record no. 20033)

MARC details
000 -LEADER
fixed length control field 00203nam a22000977a 4500
003 - CONTROL NUMBER IDENTIFIER
control field SGT
100 ## - MAIN ENTRY--PERSONAL NAME
Personal name JOHNSON, RICHARD A
245 ## - TITLE STATEMENT
Title PROBILITY AND STSTISTICS FPR ENG
250 ## - EDITION STATEMENT
Edition statement 7TH E.D
942 ## - ADDED ENTRY ELEMENTS (KOHA)
Source of classification or shelving scheme Dewey Decimal Classification
Koha item type CDs & DVDs
Holdings
Withdrawn status Lost status Source of classification or shelving scheme Damaged status Not for loan Collection code Home library Current library Shelving location Date acquired SGTU Total Checkouts Accession No. (Barcode) Date last seen Bill Date Koha item type
    Dewey Decimal Classification     ENGINEERING SGT Engineering Library SGT Engineering Library On Display 16/05/2020 SGTU   FECD354 16/05/2020 16/05/2020 CDs & DVDs
    Dewey Decimal Classification     ENGINEERING SGT Engineering Library SGT Engineering Library On Display 16/05/2020 SGTU   FECD355 16/05/2020 16/05/2020 CDs & DVDs
    Dewey Decimal Classification     ENGINEERING SGT Engineering Library SGT Engineering Library On Display 16/05/2020 SGTU   FECD356 16/05/2020 16/05/2020 CDs & DVDs